000 01111cam a2200337Ma 4500
001 ocn803739199
003 Co-BoUCM
005 20190627100730.0
008 170117s2005 sp fr 001 0 spa d
017 _aDL V. 2152-2005
020 _a8481916730
020 _a9788481916737
029 0 _aESCBC
_b.b33815197
035 _a(OCoLC)803739199
040 _aCo-BoUCM
_bspa
_cSaul Niño
_dSaul Niño
041 1 _aspa
_hita
100 1 _aAgamben, Giorgio
_d1942-
_972640
245 1 3 _aLo abierto
_bel hombre y el animal
_cGiorgio Agamben ; traducción de Antonio Gimeno Cuspinera
260 _aValencia (España)
_bPre-Textos
_c2005
300 _a122 páginas
490 0 _aPre-Textos. Ensayo
_v747
504 _aIncluye referencias bibliográficas e índices
650 7 _aAntropología social
_99204
650 7 _aAntropología cultural
_99189
650 7 _aSeres humanos
_924231
690 0 _aFilosofía
_975
650 7 _99195
_aAntropología Filosófica
765 _tL'aperto. L'uomo e l'animale
942 _2DEWEY
_a2
_cLIBRORESER
_e1
_h128
_mA259a
999 _c305547
_d305547